Charakterizácia heteroštruktúr pre fotovoltiku na báze Si/SiC

Salvato in:
Dettagli Bibliografici
Autore principale: Daniš, Martin (Autore)
Altri autori: Váry, Michal (Relatore della tesi)
Natura: Manoscritto Libro
Lingua:slovacco
Pubblicazione: 2015
Soggetti:
Accesso online:http://is.stuba.sk/zp/portal_zp.pl?podrobnosti=111693
Tags: Aggiungi Tag
Nessun Tag, puoi essere il primo ad aggiungerne!!

MARC

LEADER 00000ntm a22000003a 4500
001 stuzp47554
003 SK-STU
005 20160719153155.8
007 ta
008 150427s2015----xo-----f-mn---000-0-slo-d
040 |a STU  |b slo 
041 0 |a slo 
100 1 |a Daniš, Martin  |u 032000  |4 aut  |U FEI Fakulta elektrotechniky a informatiky  |T FEI Ústav elektroenergetiky a aplikovanej elektrotechniky  |X 6080  |U E020  |Y 548  |7 A000006080 
242 0 1 |a Characterization of Heterostructures for Photovoltaics Based on Si / SiC  |y eng 
245 1 0 |a Charakterizácia heteroštruktúr pre fotovoltiku na báze Si/SiC 
260 |c 2015 
300 |a 64 s. 
650 4 |a materiály  |2 slo 
650 4 |a fotovoltika  |2 slo 
650 4 |a PECVD metóda  |2 slo 
650 4 |a materials  |2 eng 
650 4 |a photovoltaics  |2 eng 
650 4 |a PECVD method  |2 eng 
700 1 |a Váry, Michal  |4 ths  |X 2970  |7 A000002970 
856 4 |u http://is.stuba.sk/zp/portal_zp.pl?podrobnosti=111693 
996 |b 284EP11221  |c E*DIPL- 11221  |l EE32  |s P  |a 0  |w stuzp47554_0001 
SQL |a stuzp47554  |b DDP  |c SLO  |d Charakterizácia heteroštruktúr pre fotovoltiku na báze Si/SiC  |e 6080  |f Daniš, Martin  |g 032000  |h 2970  |i Váry, Michal  |j 20150617  |k 79  |l 03  |m http://is.stuba.sk/zp/portal_zp.pl?podrobnosti=111693  |n I-EE  |o 5.2.9. elektrotechnika